| 000 | 00749nam a2200253Ia 4500 | ||
|---|---|---|---|
| 003 | OSt | ||
| 005 | 20220918171416.0 | ||
| 006 | a|||||r|||| 00| 0 | ||
| 007 | ta | ||
| 008 | 220917b |||||||| |||| 00| 0 eng d | ||
| 020 |
_a9781781636527 (hbk) _c9443.95 |
||
| 024 | _a287,130 | ||
| 037 |
_b392, 31/12/2015, Kiran Book Service _cTextual |
||
| 040 |
_aARTS _cARTS _beng |
||
| 041 |
_2eng _aeng |
||
| 082 | _aP111:3, Q5 | ||
| 100 |
_aTavora Gideon Ed. _936437 |
||
| 245 | 0 | _aEnglish language and grammar | |
| 260 |
_aLondon _bKoros Press UK _c2015 |
||
| 300 |
_aviii, 256p. _ccm. |
||
| 650 | _aLINGUISTICS | ||
| 942 |
_hP111:3, Q5 _cTEXL _2CC |
||
| 999 |
_c139473 _d139473 |
||